=LDR 00000nam 2200000 4500 =001 INLIS000000000008908 =005 20130612100729 =008 ***********************************Ind** =035 ##$$0010-061300000008908 =041 ##$$a Ind =082 ##$$a 2x3.71 =090 ##$$a x3.71, Sul s =100 ##$$a El-Sulthani, K.H.Mawadi Labay =245 ##$$a Setan Berjasa, K.H.Mawardi Labay El-Sulthani =260 ##$$a 2002 $b Jakarta =300 ##$$a iii, 227 hlm, 23 cm =650 ##$$a Setan dan Jin =850 ##$$a NBPNMAT